000 01138nam a2200313Ia 4500
005 20220317001758.0
008 170328s2015 sp g 000 0 spa
020 _a9788415601906
041 _aspa
082 0 4 _a121
_bS15m
100 1 _aDe Santillana, Giorgio
_d1902-1974
245 1 3 _aEl molino de Hamlet
_blos orígenes del conocimiento humano y su transmisión a través del mito
_cGiorgio De Santillana ; Hertha von Dechend ; traducción de Damia Alou
250 _aPrimera edición
264 1 _aMadrid
_bSexto piso
_c2015
300 _a732 páginas
_c23 cm.
336 _atexto
_btxt
_2rdacontent
337 _asin mediación
_bn
_2rdamedia
338 _avolumen
_bnc
_2rdacarrier
490 _aEnsayo
500 _aIncluye índice analítico
504 _aIncluye bibliografía
534 _tamlet`s Mill: an essay investigating the origins of human knowledge and its transmission throught myth
650 1 4 _2LEMB
_aConocimiento
650 1 4 _2LEMB
_aRazón
650 1 4 _2LEMB
_aTeoría del conocimiento
700 1 _aDechend, Hertha von
_d1915-2001
_990682
942 _2ddc
_cBK
040 _aCO-BoRNBP
_bspa
_erda
_cCO-BoRNBP
999 _c8072
_d8072